[Event "GER-chT School WK H+R"]
[Site "Playchess.com INT"]
[Date "2020.06.17"]
[Round "7.2"]
[White "Mierek, Simon"]
[Black "Haubold, Christian Lucas"]
[Result "0-1"]
[WhiteElo "1894"]
[BlackElo "1831"]
[PlyCount "94"]
[EventDate "2020.06.10"]
[EventType "team-swiss (blitz)"]
[EventRounds "7"]
[EventCountry "GER"]
[SourceTitle "EXT 2021"]
[Source "ChessBase"]
[SourceDate "2020.10.23"]
[SourceVersion "1"]
[SourceVersionDate "2020.10.23"]
[SourceQuality "1"]
[WhiteTeam "Salzstrasse Realschule"]
[BlackTeam "Aschersleben Adam Olearius"]
[WhiteTeamCountry "GER"]
[BlackTeamCountry "GER"]

1. d4 Nf6 2. Bg5 e6 3. e4 Be7 4. Bxf6 Bxf6 5. Nc3 Nc6 6. Nf3 a6 7. Bd3 h6 8. e5 Be7 9. a3 b5 10. 0-0 g5 11. Nd2 Nxd4 12. Be4 Nc6 13. f3 Bb7 14. Ne2 Rb8 15. Bxc6 Bxc6 16. Ne4 f6 17. Qd4 f5 18. Nf6+ Bxf6 19. exf6 Kf7 20. f4 g4 21. Ng3 Qxf6 22. Qxf6+ Kxf6 23. h3 h5 24. h4 Bd5 25. Rab1 Rb6 26. b3 Rc6 27. Rfc1 a5 28. c4 bxc4 29. bxc4 Bxc4 30. Rb2 Ke7 31. Rbc2 Bd5 32. Rxc6 Bxc6 33. Rc5 a4 34. Ra5 Kd6 35. Kf2 Ke7 36. Ra7 Kf6 37. Rxc7 Kg6 38. Ra7 Rb8 39. Ke2 Rb2+ 40. Kd1 Rxg2 41. Ne2 Bf3 42. Rxd7 Rxe2 43. Kc1 Bd5 44. Ra7 g3 45. Kd1 Ra2 46. Rxa4 g2 47. Re4 Bxe4 0-1